Top 20 Most visited cities in the World - Statistics

General Stats
  • This quiz has been taken 61 times
  • The average score is 10 of 20
Answer Stats
Hint Answer % Correct
2 Paris
100%
3 London
96%
7 New York
93%
9 Tokyo
83%
17 Barcelona
78%
8 Istanbul
72%
20 Hong Kong
69%
1 Bangkok
65%
16 Milan
65%
11 Seoul
65%
4 Dubai
56%
5 Singapore
52%
13 Makkah/Mecca
43%
12 Osaka
33%
6 Kuala Lumpur
28%
19 Bali
7%
14 Phuket
7%
10 Antalya
4%
18 Majorca/Palma de Mallorca
4%
15 Pattaya
4%
No matching quizzes found
Score Distribution
Percent of People with Each Score
Percentile by Number Answered
Your Score History
You have not taken this quiz